000
00396cam a2200181ua 4500
041
_a
mal
_h
082
_a
923
_b
SAK/IN
100
_a
Saksena, S P .
245
0
0
_a
Indian autobiographies
260
_a
:
_b
Oxford university press ,
_c
1960.
300
_a
144 ; .
504
_a
650
_a
Biographies
942
_c
BK
999
_c
446
_d
446